Library Banner

قواعد زبان اردو (Record no. 80668)

MARC details
000 -LEADER
fixed length control field 00433nam a22001457a 4500
005 - DATE AND TIME OF LATEST TRANSACTION
control field 20151208090226.0
008 - FIXED-LENGTH DATA ELEMENTS--GENERAL INFORMATION
fixed length control field 151208b xxu||||| |||| 00| 0 eng d
040 ## - CATALOGING SOURCE
Transcribing agency PK-LaUMT
082 ## - DEWEY DECIMAL CLASSIFICATION NUMBER
Classification number MSC 491.4395
Item number MIR-Q
100 ## - MAIN ENTRY--PERSONAL NAME
Personal name میر بہادر علی حسینی
245 ## - TITLE STATEMENT
Title قواعد زبان اردو
Statement of responsibility, etc میر بہادر علی حسینی
260 ## - PUBLICATION, DISTRIBUTION, ETC. (IMPRINT)
Place of publication, distribution, etc لاہور
Name of publisher, distributor, etc مجلس ترقی ادب
Date of publication, distribution, etc 2008
300 ## - PHYSICAL DESCRIPTION
Extent 106 ص
942 ## - ADDED ENTRY ELEMENTS (KOHA)
Koha item type Books
Holdings
Withdrawn status Lost status Damaged status Home library Current library Date acquired Full call number Barcode Date last seen Price effective from Koha item type
      UMT Main Campus UMT Main Campus 2015-12-08 MSC 491.4395 MIR-Q 95589 2015-12-08 2015-12-08 Books